ბათუმის შოთა რუსთაველის სახელმწიფო უნივერსიტეტის ბიბლიოთეკა

ტბელ აბუსერისძის ეპოქის სამხრეთ-დასავლეთ საქართველო (ეკონომიკური მდგომარეობა) = South-Western Georgia of Tbel Abuserisdze Epoch (Economical Situation) = Sued-westliches Georgien der Epoche von Tbel Abuserisdse (wirtschaftlicher Zustand) = Юго-западная Грузия Эпохи Тбел Абусерисдзе (экономическое положение) / (ბიბ.ჩანაწერი № 59000)

000 -ლიდერი
ფიქსირებული სიგრძის საკონტროლო ველი 01474nam a22002057a 4500
003 - საკონტროლო ნომრის იდენტიფიკატორი
საკონტროლო ველი Ge_BSU
005 - ბოლო ოპერაციის თარიღი და დრო
საკონტროლო ველი 20221028120846.0
008 - ფიქსირებული სიგრძის მონაცემთა ელემენტები - ზოგადი ინფორმაცია
ფიქსირებული სიგრძის საკონტროლო ველი 221028s2004 ge ||||| |||| 00| 0 geo d
020 ## - წიგნის საერთაშორისო სტანდარტული ნომერი
International Standard Book Number 999280811X
041 ## - ენის კოდი
Language code of text/sound track or separate title geo
080 ## - უნივერსალური ათობითი კლასიფიკაციის ინდექსი
Universal Decimal Classification number 338(479.22)(09)+ 94(479.22)"11/12" ა-20
100 ## - მთავარი ჩანაწერი - პიროვნების სახელი
Personal name აბუსელიძე, გიორგი
9 (RLIN) 3844
245 ## - ცნობა სათაურის შესახებ
Title ტბელ აბუსერისძის ეპოქის სამხრეთ-დასავლეთ საქართველო (ეკონომიკური მდგომარეობა) = South-Western Georgia of Tbel Abuserisdze Epoch (Economical Situation) = Sued-westliches Georgien der Epoche von Tbel Abuserisdse (wirtschaftlicher Zustand) = Юго-западная Грузия Эпохи Тбел Абусерисдзе (экономическое положение) /
Statement of responsibility, etc გიორგი აბუსელიძე ; [რედ.: ი. სიხარულიძე, შ. ქისტაური].
264 ## - წარმოების, გამოცემის, დისტრიბუციის და სხვა ცნობები
გამოცემის, წარმოების, დისტრიბუციის... ადგილი თბილისი :
გამოცემის, წარმოების, დისტრიბუციის... სახელწოდება მეცნიერება,
გამოცემის, წარმოების, დისტრიბუციის... თარიღი 2004.
300 ## - ფიზიკური აღწერა
Extent 128 გვ. :
Other physical details ილ. ;
Dimensions 20 სმ.
653 ## - INDEX TERM--UNCONTROLLED
Uncontrolled term საქართველოს ეკონომიკური ისტორია.
653 ## - INDEX TERM--UNCONTROLLED
Uncontrolled term საქართველოს შუა საუკუნეების ისტორია -- XII-XIII სს.
700 ## - ADDED ENTRY--PERSONAL NAME
Personal name სიხარულიძე, ი.
Relator term რედაქტორი
9 (RLIN) 15625
942 ## - ADDED ENTRY ELEMENTS (KOHA)
Source of classification or shelving scheme
Koha item type წიგნი
ეგზემპლარები
ჩამოწერის სტატუსი დაკარგული ეგზემპლარის სტატუსი კლასიფიკაციის წყარო ან თაროზე გაწყობის სქემა დაზიანების სტატუსი არ გაიცემა მუდმივი მდებარეობა (დაცვის ადგილი) ამჟამინდელი ადგილსამყოფელი თაროზე განთავსების ადგილი შეძენის თარიღი ღირებულება, შესყიდვის ნორმალური ფასი სრული შენახვის შიფრი შტრიხკოდი ბოლო ოპერაციის თარიღი ეგზემპლარის მიმდევრობითი ნომერი (კეტერი?) ფასის ძალაში შესვლის თარიღი ეგზემპლარის სახეობა საჯარო შენიშვნა
          ბათუმის შოთა რუსთაველის სახელმწიფო უნივერსიტეტის მთავარი ბიბლიოთეკა ბათუმის შოთა რუსთაველის სახელმწიფო უნივერსიტეტის მთავარი ბიბლიოთეკა წიგნსაცავი 2022-10-28 6.00 338(479.22)(09)+ 94(479.22) 28808 2022-10-28 28808 2022-10-28 წიგნი 6 ლ.